000 00997nam a2200229Ii 4500
003 JO-AjNU
008 230605s9999||||xx |||||||||||||| ||und||
017 _a2019/7/3641
020 _a978-9923-25-201-7
040 _aJO-AjNU
_bara
_erda
_cJO-AjNU
041 _aara
050 1 4 _aHD62.7.2019
100 3 _aجامعة عجلون الوطنية/كلية ادارة الاعمال,
_eauthor
_963209
245 0 0 _aالمؤتمر العلمي الدولي المحكم الرابع، المشروعات الصغيرة التنمية . التمكين . التحديات جامعة عجلون الوطنية / كلية ادارة الاعمال،ج3
250 _aط1
264 3 1 _aعمان: دار امجد للنشر والتوزيع، 2019
300 _aج3: 778ص
336 _atext
_btxt
_2rdacontent
337 _aunmediated
_bn
_2rdamedia
338 _avolume
_bnc
_2rdacarrier
650 4 _aالمشروعات الصغيرة-ادارة المشروعات-ادارة الاعمال
_963210
999 _aA28659
_c32227
_d32227